[Event "Fyn-ch"]
[Site "Odense"]
[Date "2008.02.21"]
[Round "5"]
[White "Ploug, Kurt"]
[Black "Winther, Christian"]
[Result "1-0"]
[WhiteElo "1701"]
[BlackElo "1593"]
[PlyCount "89"]
[EventDate "2008.01.10"]
[EventType "swiss"]
[EventRounds "7"]
[EventCountry "DEN"]
[SourceTitle "EXT 2018"]
[Source "ChessBase"]
[SourceDate "2017.10.13"]
[SourceVersion "1"]
[SourceVersionDate "2017.10.13"]
[SourceQuality "1"]

1. d4 Nf6 2. c4 e5 3. dxe5 Ng4 4. Nf3 Bc5 5. e3 Nc6 6. a3 a5 7. Bd2 0-0 8. Bc3 Re8 9. Qd5 Qe7 10. Nbd2 Ncxe5 11. Nxe5 Nxe5 12. Ne4 Ba7 13. c5 b6 14. Qxa8 Nc6 15. cxb6 cxb6 16. Ng3 Ba6 17. Qxe8+ Qxe8 18. Bxa6 f6 19. 0-0 h5 20. Rad1 Bb8 21. Bc4+ Kh8 22. Rd5 Ne5 23. Bxe5 fxe5 24. Bb5 h4 25. Nf5 Qe6 26. e4 d6 27. Nxh4 Qg4 28. Rd3 Qxe4 29. Rh3 Kg8 30. Rc1 g5 31. Nf3 g4 32. Rg3 Kf8 33. Ng5 Qd5 34. Bf1 Qd2 35. Rc8+ Ke7 36. Rxg4 Qxb2 37. a4 d5 38. Rxb8 e4 39. Rb7+ Kd6 40. Nf7+ Ke6 41. h4 Kf5 42. Rg5+ Kf6 43. Nd8 Qxf2+ 44. Kxf2 e3+ 45. Kf3 1-0

[Event "DEN-chT26 B2 corr"]
[Site "Denmark"]
[Date "2001.??.??"]
[Round "?"]
[White "Madsen, Ole Rysgaard"]
[Black "Winther, Christian"]
[Result "0-1"]
[WhiteElo "1912"]
[BlackElo "1900"]
[PlyCount "52"]
[EventDate "2001.03.12"]
[EventType "team (corr)"]
[EventRounds "6"]
[EventCountry "DEN"]
[SourceTitle "Corr 2004"]
[Source "ChessBase"]
[SourceDate "2003.04.28"]
[SourceVersion "3"]
[SourceVersionDate "2003.04.28"]
[SourceQuality "1"]

1. e4 d6 2. d4 Nf6 3. Nc3 g6 4. f4 Bg7 5. Nf3 0-0 6. f5 gxf5 7. exf5 c5 8. Bd3 Nc6 9. Ng5 Nb4 10. 0-0 cxd4 11. Nce4 Nxe4 12. Bxe4 h6 13. a3 Na6 14. Qh5 d5 15. Nh7 dxe4 16. Bxh6 Qb6 17. Bxg7 d3+ 18. Kh1 Kxg7 19. Nxf8 Qh6 20. Qxh6+ Kxh6 21. cxd3 Kg7 22. dxe4 Kxf8 23. Rad1 b6 24. Rd8+ Kg7 25. e5 Bb7 26. Rd7 Nc5 0-1